Metaphor and corpus linguistics

Bewaard in:
Bibliografische gegevens
Hoofdauteur: Deignan, Alice (Auteur)
Formaat: Boek
Taal:Engels
Gepubliceerd in: Amsterdam John Benjamins 2005
Reeks:Converging Evidence in Language and Communication Research, 6
Onderwerpen:
Tags: Voeg label toe
Geen labels, Wees de eerste die dit record labelt!

MARC

LEADER 00000cam a2200000 a 4500
001 UCI2278
003 CL-VaPUC
008 070810e20050000NE |||||||||||||||||eng|d
020 |a 9027238928 
082 0 4 |a 401.43  |b DEI  |2 21 
100 0 |a Deignan, Alice  |e author  |9 523224 
245 1 0 |a Metaphor and corpus linguistics 
300 |a 235 p 
942 |c BK 
945 |d 20070810 00:00:00  |a jtorresc 
260 |a Amsterdam  |b John Benjamins  |c 2005 
650 7 |a METAFORA  |2 CL-VaPUC  |9 331834 
650 0 |a Lingüística  |9 265068 
583 |a last modification  |c 20111221 10:53:04  |k Rodrigo Vera 
490 0 |a Converging Evidence in Language and Communication Research, 6 
999 |c 326897  |d 326895 
952 |0 0  |1 0  |4 0  |6 401_430000000000000_DEI_2005  |7 0  |8 A  |9 409147  |a FDOPOS  |b FDOPOS  |d 2019-11-22  |i 4362462  |o 401.43 DEI 2005  |p 4362462  |r 2025-01-22  |w 2019-11-22  |y BK  |k MLA 
952 |0 0  |1 0  |4 0  |6 401_430000000000000_DEI_2005  |7 0  |8 A  |9 409148  |a FDOPOS  |b FDOPOS  |d 2019-11-22  |i 4818407  |o 401.43 DEI 2005  |p 4818407  |r 2025-01-22  |w 2019-11-22  |y BK  |k DLA